| 000 | 00366nam a2200133Ia 4500 | ||
|---|---|---|---|
| 008 | 240719s9999 xx 000 0 und d | ||
| 041 | _aeng | ||
| 082 | _a658.3124 TRA | ||
| 100 | _aTracy, Brian | ||
| 245 | _aCreativity And Problem Solving | ||
| 260 |
_aNew Delhi _bManjul Publishing House _c2018 |
||
| 300 | _a107 P | ||
| 520 | _aFaculty Purchase By Dr. Senthil Kumar | ||
| 999 |
_c41138 _d41138 |
||